Nhập môn Tôpô đại số Đồng điều và đồng luân
Trình bày các kiến thức sơ bộ của tôpô đại cương, một số vấn đề cơ bản của lí thuyết phạm trù và đại số đồng điều, xây dựng một số mô hình của lí thuyết đồng điều, lí thuyết đồng luân và không gian phân thớ...
Gardado en:
| Autor Principal: | |
|---|---|
| Outros autores: | |
| Formato: | Libro |
| Idioma: | Vietnamese |
| Publicado: |
H.
Đại học Sư phạm
2009
|
| Edición: | Tái bản lần thứ 1 |
| Những chủ đề: | |
| Các nhãn: |
Engadir etiqueta
Sen Etiquetas, Sexa o primeiro en etiquetar este rexistro!
|
| Thư viện lưu trữ: | Mạng thư viện Đại học Đà Nẵng |
|---|
| LEADER | 01653aam a22004218a 4500 | ||
|---|---|---|---|
| 001 | 000018246 | ||
| 003 | 14673 | ||
| 005 | 20140828140804.0 | ||
| 008 | 131001s2009 viesd | ||
| 020 | |c 45000đ |d 500b | ||
| 041 | 0 | 0 | |a vie |
| 082 | 1 | 4 | |2 14 |a 514.2 |b NG-Đ |
| 100 | 1 | |a Nguyễn Văn Đoành | |
| 245 | 1 | 0 | |a Nhập môn Tôpô đại số |b Đồng điều và đồng luân |c Nguyễn Văn Đoành, Tạ Mân |
| 250 | |a Tái bản lần thứ 1 | ||
| 260 | |a H. |b Đại học Sư phạm |c 2009 | ||
| 300 | |a 415 tr. |c 20 cm. | ||
| 504 | |a Thư mục: tr. 415 | ||
| 520 | |a Trình bày các kiến thức sơ bộ của tôpô đại cương, một số vấn đề cơ bản của lí thuyết phạm trù và đại số đồng điều, xây dựng một số mô hình của lí thuyết đồng điều, lí thuyết đồng luân và không gian phân thớ... | ||
| 650 | 0 | 4 | |2 Bộ TK TVQG |a Toán cao cấp |
| 650 | 0 | 4 | |2 Bộ TK TVQG |a Tôpô đại số |
| 650 | 7 | |2 Bộ TK TVQG | |
| 653 | |a Tôpô đại số | ||
| 653 | |a Đồng điều | ||
| 653 | |a Đồng luân | ||
| 653 | |a Toán học | ||
| 655 | 7 | |2 Bộ TK TVQG |a Giáo trình | |
| 700 | 1 | |a Tạ Mân | |
| OWN | |a LSP | ||
| AVA | |a UDN50 |b LSP |d 514.2 NG-Đ |e available |t Error 5001 Not defined in file expand_doc_bib_avail. |f 10 |g 0 |h N |i 0 |k 1 | ||
| 999 | |a From the UDN01 | ||
| AVA | |a UDN50 |b LSP |d 514.2 NG-Đ |e available |t Error 5001 Not defined in file expand_doc_bib_avail. |f 10 |g 0 |h N |i 0 |k 1 | ||
| TYP | |a Monograph | ||
| TYP | |a Printed language | ||
| 980 | |a Mạng thư viện Đại học Đà Nẵng | ||